000 00844nam a22002657a 4500
001 90863
003 UA-OsUOA
005 20260130093934.0
007 ta
008 20121120b un ||||| |||| 00| 0 ukr d
040 _aUA-OsUOA
_bukr
_cUA-OsUOA
_dUA-OsUOA
041 _aukr
080 _a821.161.2
090 _a821.161.2
_bЧ-73
100 _aЧіп Б. М.
_923081
245 _aМикола Пимоненко
_bбіографічний роман
_cБ. М. Чіп, О. Г. Оганесян
260 _aК.
_bМолодь
_c1983
300 _a256 с.
_bіл.
490 _aУславлені імена
650 7 _a821.161.2 Українська література
_2UDC
_941
700 _aОганесян О. Г.
_923082
942 _cBK
_2udc
955 _a3
999 _c377140
_d377140